[Event "10th IM Marmaris Karia 2019"]
[Site "Marmaris"]
[Date "2019.10.19"]
[Round "6.1"]
[White "Rasulov, Vugar"]
[Black "Kiremitciyan, Ari"]
[Result "1-0"]
[WhiteElo "2506"]
[BlackElo "2286"]
[Annotator "ChessBase"]
[PlyCount "81"]
[EventDate "2019.10.19"]
[EventType "schev"]
[EventCountry "TUR"]
[SourceTitle "playchess.com"]
[Source "ChessBase"]
[SourceQuality "1"]
[TimeControl "5400+30"]

1. e4 {[%emt 0:00:30]} e5 {[%emt 0:00:30]} 2. Nf3 {[%emt 0:00:00]} Nc6 {[%emt 0:00:00]} 3. Bb5 {[%emt 0:00:00]} Nf6 {[%emt 0:00:00]} 4. d3 {[%emt 0:00:30]} Bc5 {[%emt 0:00:00]} 5. c3 {[%emt 0:00:00]} O-O {[%emt 0:00:00]} 6. O-O {[%emt 0:00:00]} d6 {[%emt 0:00:00]} 7. Nbd2 {[%emt 0:00:00]} a6 {[%emt 0:00:00]} 8. Ba4 {[%emt 0:00:00]} Ba7 {[%emt 0:00:30]} 9. h3 {[%emt 0:00:30]} Ne7 {[%emt 0:00:30]} 10. Re1 {[%emt 0:00:30]} Ng6 {[%emt 0:00:30]} 11. Nf1 {[%emt 0:00:00]} c6 {[%emt 0:04:30]} 12. Ng3 {[%emt 0:02:00]} Re8 {[%emt 0:01:30]} 13. d4 {[%emt 0:00:30]} b5 {[%emt 0:02:30]} 14. Bc2 {[%emt 0:00:30]} h6 {[%emt 0:04:30]} 15. Be3 {[%emt 0:03:30]} c5 {[%emt 0:09:30]} 16. Qd2 {[%emt 0:00:30]} Bb7 {[%emt 0:16:30]} 17. d5 {[%emt 0:09:30]} c4 {[%emt 0:00:30]} 18. Bxa7 {[%emt 0:03:30]} Rxa7 {[%emt 0:00:30]} 19. a4 {[%emt 0:00:30]} Ra8 {[%emt 0:02:30]} 20. Ra3 {[%emt 0:00:30]} Nf4 {[%emt 0:03:30]} 21. Rea1 {[%emt 0:00:30]} Qb6 {[%emt 0:00:30]} 22. Qe3 {[%emt 0:00:30]} Qc7 {[%emt 0:02:30]} 23. Nf5 {[%emt 0:05:30]} Nd7 {[%emt 0:03:30]} 24. N3h4 {[%emt 0:04:30]} Nf8 {[%emt 0:18:30]} 25. g3 {[%emt 0:01:30]} Nxh3+ {[%emt 0:04:30]} 26. Kg2 {[%emt 0:00:30]} Ng5 {[%emt 0:00:00]} 27. Nxg7 {[%emt 0:02:30]} Kxg7 {[%emt 0:01:00]} 28. Nf5+ {[%emt 0:00:30]} Kf6 {[%emt 0:00:30]} 29. f4 {[%emt 0:00:30]} exf4 {[%emt 0:00:30]} 30. Qd4+ {[%emt 0:00:30]} Re5 {[%emt 0:00:30]} 31. gxf4 {[%emt 0:00:00]} Ng6 {[%emt 0:01:30]} 32. fxe5+ {[%emt 0:01:00]} dxe5 {[%emt 0:00:00]} 33. Qf2 {[%emt 0:00:30]} Nf4+ {[%emt 0:00:00]} 34. Kh1 {[%emt 0:00:30]} Bc8 {[%emt 0:00:30]} 35. axb5 {[%emt 0:00:30]} Bxf5 {[%emt 0:00:00]} 36. Rxa6+ {[%emt 0:00:00]} Rxa6 {[%emt 0:00:00]} 37. Rxa6+ {[%emt 0:00:00]} Kg7 {[%emt 0:00:30]} 38. exf5 {[%emt 0:00:30]} Qb7 {[%emt 0:03:30]} 39. f6+ {[%emt 0:00:00]} Kg8 {[%emt 0:00:00]} 40. Rd6 {[%emt 0:00:00]} Qa8 {[%emt 0:04:00]} 41. Qa7 {[%emt 0:00:30]} 1-0

[Event "10th IM Marmaris Karia 2019"]
[Site "Marmaris"]
[Date "2019.10.19"]
[Round "6.2"]
[White "Sevdimaliyev, Urfan"]
[Black "Sahin, Ozgun"]
[Result "1-0"]
[WhiteElo "2361"]
[BlackElo "2224"]
[Annotator "TA"]
[PlyCount "51"]
[EventDate "2019.10.19"]
[EventType "schev"]
[EventCountry "TUR"]
[SourceTitle "playchess.com"]
[Source "ChessBase"]
[SourceQuality "1"]

{[%evp 20,51,50,50,50,51,106,100,106,50,104,94,118,122,116,108,205,205,261,192,259,254,289,291,303,299,315,306,292,301,929,866,2323,2143]} 1. e4 c5 2. Nf3 e6 3. d4 cxd4 4. Nxd4 Nc6 5. Nc3 Qc7 6. g3 Nf6 7. Bg2 a6 8. O-O Nxd4 9. Qxd4 Bc5 10. Bf4 d6 11. Qd2 e5 {B47: Sicilian: Taimanov: 5 Nc3 Qc7 6 f4, 6 g3 and 6 Be2} (11... h6 12. Rad1 e5 13. Be3 Be6 14. Bxc5 dxc5 15. Nd5 Bxd5 16. exd5 O-O 17. d6 Qb6 18. c4 Rad8 19. Rfe1 Rfe8 20. Bh3 Nh7 21. f4 {1-0 (60) Vidit,S (2715)-Van Foreest,J (2629) Riadh 2017}) 12. Bg5 {Bxf6 is the strong threat.} Be6 (12... Bd4 $14) 13. Bxf6 $1 $16 gxf6 {White is better.} 14. Qh6 (14. Nd5 $16 Bxd5 15. Qxd5) 14... Qe7 (14... Ke7 $14) 15. Bh3 Bd4 $146 ({Predecessor:} 15... Qf8 16. Qh5 Ke7 17. Rad1 Bd4 18. Ne2 Ba7 19. Bf5 {1-0 (35) Sammalvuo,T (2280)-Curtis,R Bratislava 1993}) 16. Nd5 $36 {[%mdl 2048] White is in control.} Bxd5 17. exd5 Qd8 (17... Kd8 $16 {keeps fighting.}) 18. Rad1 $18 Bc5 19. Rd3 Rg8 (19... Qe7 $142 20. Qg7 Rf8 21. Qxh7 Kd8) 20. b4 (20. Qxh7 $6 Ke7 $16) 20... Bb6 21. c4 ({But not} 21. Qxh7 $6 Ke7 $18) 21... Rg6 22. Qxh7 {[#] Threatens to win with c5!} Ke7 23. c5 Bc7 24. Bf5 Rg5 $2 (24... Rg8 25. Qh5 Rh8) 25. f4 Rg8 26. fxe5 {Accuracy: White = 85%, Black = 19%.} 1-0

[Event "10th IM Marmaris Karia 2019"]
[Site "Marmaris"]
[Date "2019.10.19"]
[Round "6.3"]
[White "Guseynov, Alihan"]
[Black "Citak, Selim"]
[Result "1-0"]
[WhiteElo "2335"]
[BlackElo "2210"]
[Annotator "NA"]
[PlyCount "84"]
[EventDate "2019.10.19"]
[EventType "schev"]
[EventCountry "TUR"]
[SourceTitle "playchess.com"]
[Source "ChessBase"]
[SourceQuality "1"]
[TimeControl "5400+30"]

1. c4 {[%emt 0:00:30]} e6 {[%emt 0:01:30]} 2. Nf3 {[%emt 0:00:30]} d5 {[%emt 0:00:30]} 3. e3 {[%emt 0:00:00]} Nf6 {[%emt 0:00:30]} 4. b3 {[%emt 0:01:00]} c5 {[%emt 0:01:30]} 5. Bb2 {[%emt 0:00:30]} Nc6 {[%emt 0:00:30]} 6. cxd5 {[%emt 0:00:30]} exd5 {[%emt 0:00:30]} 7. Bb5 {[%emt 0:02:30]} Be7 {[%emt 0:03:30]} 8. O-O {[%emt 0:01:30]} O-O {[%emt 0:02:30]} 9. d4 {[%emt 0:00:30]} Bg4 {[%emt 0:03:30]} 10. dxc5 {[%emt 0:05:30]} Bxc5 {[%emt 0:00:30]} 11. h3 {[%emt 0:03:30]} Bh5 {[%emt 0:02:30]} 12. Nc3 {[%emt 0:02:30]} a6 {[%emt 0:12:30]} 13. Be2 {[%emt 0:03:30]} Rc8 {[%emt 0:01:30]} 14. Rc1 {[%emt 0:03:30]} Ba7 {[%emt 0:01:30]} 15. Nd4 {[%emt 0:00:30]} Bxe2 {[%emt 0:12:30]} 16. Ncxe2 {[%emt 0:02:30]} Nxd4 {[%emt 0:03:30]} 17. Nxd4 {[%emt 0:01:30]} Rxc1 {[%emt 0:00:30]} 18. Qxc1 {[%emt 0:00:30]} Qd7 {[%emt 0:00:30]} 19. Nf3 {[%emt 0:06:30]} Rc8 {[%emt 0:04:30]} 20. Qa1 {[%emt 0:01:30]} Ne8 {[%emt 0:00:30]} 21. Rd1 {[%emt 0:05:30]} Qf5 {[%emt 0:00:30]} 22. Rd2 {[%emt 0:03:30]} Bb6 {[%emt 0:04:30]} 23. Qd1 {[%emt 0:02:30]} Rd8 {[%emt 0:00:30]} 24. Nd4 {[%emt 0:11:30]} Qe4 {[%emt 0:05:30]} 25. Ne2 {[%emt 0:03:30]} Nc7 {[%emt 0:00:00]} 26. Nf4 {[%emt 0:01:30]} h6 {[%emt 0:02:00]} 27. Nh5 {[%emt 0:04:30]} d4 {[%emt 0:05:30]} 28. Ng3 {[%emt 0:02:30]} Qd5 {[%emt 0:00:30]} 29. Bxd4 {[%emt 0:02:30]} Nb5 {[%emt 0:00:30]} 30. Nf5 {[%emt 0:06:30]} Qxf5 {[%emt 0:05:30]} 31. Bxb6 {[%emt 0:00:00]} Rxd2 {[%emt 0:00:30]} 32. Qxd2 {[%emt 0:00:00]} Qb1+ {[%emt 0:01:30]} 33. Kh2 {[%emt 0:00:00]} Na3 {[%emt 0:00:30]} 34. Bc5 {[%emt 0:03:00]} Nc2 {[%emt 0:00:30]} 35. Qd8+ {[%emt 0:01:30]} Kh7 {[%emt 0:01:30]} 36. Qd3+ {[%emt 0:00:30]} Kg8 {[%emt 0:00:00]} 37. Qe4 {[%emt 0:01:53]} f6 {[%emt 0:01:00]} 38. Qe6+ {[%emt 0:03:33]} Kh7 {[%emt 0:00:30]} 39. Qf5+ {[%emt 0:00:13]} Kg8 {[%emt 0:00:30]} 40. Qc8+ {[%emt 0:00:21]} Kh7 {[%emt 0:00:00]} 41. Qxb7 {[%emt 0:00:31]} Ne1 {[%emt 0:00:00]} 42. Bb4 {[%emt 0:00:47]} Nd3 {[%emt 0:00:30]} 1-0

[Event "10th IM Marmaris Karia 2019"]
[Site "Marmaris"]
[Date "2019.10.19"]
[Round "6.4"]
[White "Semiev, Suhrab"]
[Black "Gunduz, Umut Erdem"]
[Result "0-1"]
[WhiteElo "2290"]
[BlackElo "2165"]
[Annotator "NA"]
[PlyCount "56"]
[EventDate "2019.10.19"]
[EventType "schev"]
[EventCountry "TUR"]
[SourceTitle "playchess.com"]
[Source "ChessBase"]
[SourceQuality "1"]
[TimeControl "5400+30"]

1. c4 {[%emt 0:00:30]} c5 {[%emt 0:00:30]} 2. Nc3 {[%emt 0:00:00]} Nc6 {[%emt 0:00:30]} 3. e3 {[%emt 0:01:00]} Nf6 {[%emt 0:00:30]} 4. d4 {[%emt 0:00:30]} cxd4 {[%emt 0:00:00]} 5. exd4 {[%emt 0:00:30]} d5 {[%emt 0:00:00]} 6. Nf3 {[%emt 0:00:30]} g6 {[%emt 0:01:30]} 7. c5 {[%emt 0:02:30]} Bg7 {[%emt 0:00:30]} 8. Bb5 {[%emt 0:00:30]} O-O {[%emt 0:00:30]} 9. O-O {[%emt 0:00:30]} Bg4 {[%emt 0:01:30]} 10. Be2 {[%emt 0:08:30]} e6 {[%emt 0:19:30]} 11. Ne1 {[%emt 0:14:30]} Bxe2 {[%emt 0:01:30]} 12. Nxe2 {[%emt 0:00:00]} b6 {[%emt 0:00:30]} 13. Qa4 {[%emt 0:05:00]} Rc8 {[%emt 0:07:30]} 14. b4 {[%emt 0:13:30]} Ne4 {[%emt 0:01:30]} 15. Nc2 {[%emt 0:00:30]} bxc5 {[%emt 0:04:30]} 16. bxc5 {[%emt 0:00:30]} e5 {[%emt 0:06:30]} 17. Be3 {[%emt 0:11:30]} exd4 {[%emt 0:04:30]} 18. Nexd4 {[%emt 0:01:30]} Nxc5 {[%emt 0:05:30]} 19. Qa3 {[%emt 0:02:30]} Ne4 {[%emt 0:07:30]} 20. Nxc6 {[%emt 0:07:30]} Rxc6 {[%emt 0:00:30]} 21. Nd4 {[%emt 0:00:00]} Rc4 {[%emt 0:00:30]} 22. Rad1 {[%emt 0:00:00]} Nc3 {[%emt 0:03:30]} 23. Rd2 {[%emt 0:02:30]} Qc7 {[%emt 0:01:30]} 24. Kh1 {[%emt 0:01:30]} Rb8 {[%emt 0:04:30]} 25. Nb3 {[%emt 0:03:30]} d4 {[%emt 0:00:30]} 26. Nxd4 {[%emt 0:02:30]} Nb1 {[%emt 0:01:30]} 27. Qd3 {[%emt 0:07:43]} Nxd2 {[%emt 0:00:00]} 28. Qxd2 {[%emt 0:00:01]} Bxd4 {[%emt 0:00:00]} 0-1

[Event "10th IM Marmaris Karia 2019"]
[Site "Marmaris"]
[Date "2019.10.19"]
[Round "6.5"]
[White "Darban, Morteza"]
[Black "Angun, Batu"]
[Result "0-1"]
[WhiteElo "2285"]
[BlackElo "2165"]
[Annotator "TA"]
[PlyCount "86"]
[EventDate "2019.10.19"]
[EventType "schev"]
[EventCountry "TUR"]
[SourceTitle "playchess.com"]
[Source "ChessBase"]
[SourceQuality "1"]

{[%evp 17,86,-8,-12,-13,-6,-14,-6,-24,-16,-20,0,0,0,-4,-8,-13,-23,-61,-58,-67,-64,-53,-16,-41,-32,-45,-56,-93,-88,-91,-34,-78,-63,-73,-58,-84,-76,-87,-67,-235,-239,-598,-595,-880,-483,-592,-589,-863,-821,-1983,-1850,-1813,-516,-516,-509,-509,-509,-502,-502,-591,-544,-544,-536,-684,-658,-641,-589,-818,-802,-929,-916]} 1. e4 c5 2. Nc3 d6 3. Nf3 Nf6 4. d4 cxd4 5. Nxd4 a6 6. Bc4 e6 7. a3 Be7 8. Ba2 O-O 9. O-O b5 10. Be3 {B86: Sicilian Scheveningen/Najdorf: 6 Bc4, without early ...b5} (10. Qd3 Qb6 11. Be3 Qb7 12. Rad1 Nbd7 13. f3 Re8 14. Qe2 Bf8 15. Bg5 Qb6 16. Kh1 Bb7 17. f4 Rac8 {1-0 (46) Efimenko,Z (2647)-Zhigalko,A (2586) Yerevan 2015}) 10... Bb7 11. f3 Nc6 12. Nxc6 {The position is equal.} Bxc6 13. Qe2 Rc8 14. Rad1 Qc7 15. Rd2 Qb7 $146 ({Predecessor:} 15... Rfd8 16. Rfd1 h6 {1-0 (43) Frej,Z (1938)-Cieslak,W (1931) Kudowa-Zdroj 2018}) 16. Rb1 a5 17. Kh1 b4 18. axb4 axb4 {[#] ...Ra8 is the strong threat.} 19. Nd1 Bb5 20. Qf2 Nd7 21. Bb3 Nc5 22. Bxc5 dxc5 23. c4 bxc3 (23... Bc6 $17) 24. Nxc3 Ba6 25. Bc2 Bf6 26. h3 Bd4 27. Qe1 Qb8 28. Nd1 $2 {[#]} (28. Bd3 $15 Bb7 29. Ne2) 28... Qf4 $1 $19 {aiming for ...Be5.} 29. Bd3 $2 (29. Nf2) 29... Be5 {[%csl Ge5][%cal Rf4h2] Black is clearly winning.} 30. Kg1 Rcd8 31. Nf2 c4 32. Rbd1 {and the idea Be2 leaves White hopeful.} cxd3 33. Nxd3 Qh2+ 34. Kf1 Qh1+ (34... Bg3 $142 {( -> ...Rxd3)} 35. Qxg3 Qxg3) 35. Kf2 Qxe1+ 36. Nxe1 Rxd2+ 37. Rxd2 Rb8 38. g3 Rxb2 39. Rxb2 Bxb2 40. f4 f6 41. Nf3 Kf7 42. g4 Bb7 43. Ke3 Bc1+ {Accuracy: White = 13%, Black = 57%.} 0-1

[Event "10th IM Marmaris Karia 2019"]
[Site "Marmaris"]
[Date "2019.10.19"]
[Round "7.1"]
[White "Kiremitciyan, Ari"]
[Black "Sevdimaliyev, Urfan"]
[Result "1/2-1/2"]
[WhiteElo "2286"]
[BlackElo "2361"]
[Annotator "TA"]
[PlyCount "117"]
[EventDate "2019.10.19"]
[EventType "schev"]
[EventCountry "TUR"]
[SourceTitle "playchess.com"]
[Source "ChessBase"]
[SourceQuality "1"]

{[%evp 16,117,19,27,30,25,29,0,27,0,0,0,23,10,24,13,20,15,39,39,59,58,123,-29,-8,0,0,-15,2,-14,0,-76,-81,-75,-81,-118,-113,-118,-70,-73,-61,-126,-93,-93,-93,-95,-95,-95,-95,-95,-96,-346,-323,-383,-383,-380,-310,-287,-280,-264,-64,-64,-64,-64,-64,-64,-64,-468,-8,-461,0,-446,0,-96,-96,-96,-13,-17,-17,-17,-17,-24,-24,-24,0,-24,-24,-24,-13,-13,-13,-13,-13,-13,0,-13,-8,-8,0,-13,0,-13,-8,-8]} 1. c4 Nf6 2. Nf3 g6 3. Nc3 d5 4. cxd5 Nxd5 5. e4 Nxc3 6. dxc3 Qxd1+ 7. Kxd1 f6 8. Be3 e5 9. Nd2 Nd7 {A16: English Opening: 1...Nf6 with ...d5} 10. a4 (10. Nb3 h5 11. f3 Nb6 12. Kc2 Bd7 13. Nc5 Bc6 14. b3 Bh6 15. Bxh6 Rxh6 16. a4 Ke7 17. Bb5 {½-½ (38) So,W (2778)-Aronian,L (2764) Leuven 2018}) 10... a5 11. h4 h5 12. Kc2 $146 ({Predecessor:} 12. Bb5 c6 13. Bc4 Bc5 14. Ke2 Ke7 15. g3 Rd8 16. Rhd1 Bxe3 17. Kxe3 {0-1 (50) Zysk,R (2412)-Ganguly,S (2619) Porto Rio 2014}) 12... Bc5 13. Nc4 b6 14. f3 Bb7 15. Rd1 Ke7 16. Bc1 Rhd8 17. Ne3 c6 18. g4 hxg4 (18... Bxe3 $1 $14 19. Bxe3 hxg4) 19. fxg4 $2 {[#]} (19. Nxg4 $16 Ba6 20. Bxa6 Rxa6 21. h5 gxh5 22. Rxh5) 19... Bxe3 $1 $11 20. Bxe3 c5 21. Bg2 c4 22. Bf3 Bc6 23. Ra1 (23. Rdf1 $11) 23... Nc5 $17 24. Bxc5+ bxc5 25. Rhd1 Rxd1 26. Kxd1 {[%mdl 4096] Endgame KRB-KRB} Rd8+ 27. Ke2 $1 Rb8 28. Ra2 (28. Rb1 $1 $15) 28... Rh8 29. h5 gxh5 30. gxh5 Be8 31. Ra1 Bxh5 32. Bxh5 Rxh5 {KR-KR} 33. Rd1 $2 (33. Rb1 $17 {might work better.}) 33... Rh2+ $19 34. Kf3 Rxb2 35. Rd5 Rc2 36. Rxc5 Rxc3+ 37. Ke2 Kf7 $2 ({Black should play} 37... Rd3 $19 {Strongly threatening ...Rd4.} 38. Rxc4 Ra3) 38. Rxa5 $15 Ra3 39. Ra6 Kg6 40. a5 Kg5 41. Rc6 $2 {[%mdl 8192]} (41. Kd2 $1 $15) 41... Ra4 $2 (41... Rxa5 $19 {...Ra2+ is the strong threat.} 42. Rxc4 Kf4) 42. Kf3 $2 {[%mdl 8192]} (42. a6 $1 $11 {and White has nothing to worry.}) 42... Ra3+ 43. Ke2 c3 $2 (43... Rxa5 $19 {And now ...Ra2+ would win.} 44. Rxc4 Kf4) 44. Kd3 (44. a6 $11) 44... Rxa5 $17 45. Kxc3 {[#]} Ra1 ({Better is} 45... Kf4 $1 $17 46. Rxf6+ Kxe4) 46. Kd3 $11 Rh1 47. Ke3 Rh3+ 48. Kf2 Rh4 49. Ke3 Rh3+ 50. Kf2 Ra3 51. Rb6 Kf4 52. Rxf6+ {The position is equal.} Kxe4 53. Rb6 Ra2+ 54. Ke1 Ra3 55. Ke2 Kf4 56. Rf6+ Ke4 57. Rb6 Ra2+ 58. Ke1 Kf4 59. Rb3 {Accuracy: White = 50%, Black = 38%.} 1/2-1/2

[Event "10th IM Marmaris Karia 2019"]
[Site "Marmaris"]
[Date "2019.10.19"]
[Round "7.2"]
[White "Sahin, Ozgun"]
[Black "Guseynov, Alihan"]
[Result "1-0"]
[WhiteElo "2224"]
[BlackElo "2335"]
[Annotator "TA"]
[PlyCount "55"]
[EventDate "2019.10.19"]
[EventType "schev"]
[EventCountry "TUR"]
[SourceTitle "playchess.com"]
[Source "ChessBase"]
[SourceQuality "1"]

{[%evp 13,55,21,27,0,0,0,0,-5,0,2,45,34,34,32,54,54,81,27,20,0,0,0,60,0,0,1,0,2,63,66,119,125,122,102,134,103,112,124,144,135,155,155,155,155]} 1. e4 c6 2. d4 d5 3. exd5 cxd5 4. Bd3 Nc6 5. c3 Nf6 6. h3 e5 7. dxe5 Nxe5 8. Bc2 {B13: Caro-Kann: Exchange Variation and Panov-Botvinnik Attack} (8. Nf3 Nxd3+ 9. Qxd3 Be7 10. O-O O-O 11. Be3 b6 12. Nd4 Bb7 13. Bg5 h6 14. Bh4 Qd7 15. Re1 Rae8 16. Nd2 g5 17. Bg3 Ne4 18. Nf1 f5 {1-0 (54) Alekseev,E (2638)-Bocharov,D (2593) Khanty-Mansiysk 2016}) 8... Bc5 {Hoping for ...Qb6.} 9. Ne2 O-O 10. O-O {The position is equal.} Be6 11. Nd2 $146 {[%cal Bb1d2,Bd2b3,Bb3d4][%mdl 32]} ({Predecessor:} 11. Nd4 Qd7 12. Nxe6 fxe6 13. Qe2 Nc4 14. Nd2 Nd6 {0-1 (46) Piskunova,M (1875)-Sosnin,M (2081) Krasnoyarsk 2014}) 11... Qd7 12. Nb3 Bb6 $1 13. Nbd4 {f4 is the strong threat.} Ne4 14. Nf4 Rad8 {[#]} 15. Be3 ({White should play} 15. Re1 $1 $16) 15... Nc4 $11 16. Bxe4 (16. a4 {is interesting.} a5 17. Re1 Qd6 18. Nfxe6 fxe6 19. Bxe4 dxe4 20. Qg4) 16... dxe4 17. Ndxe6 fxe6 (17... Qxd1 $11 18. Rfxd1 Rxd1+ 19. Rxd1 Nxe3 20. fxe3 Bxe3+ 21. Kh2 fxe6 22. Nxe6 Rf6) 18. Qxd7 (18. Bxb6 $1 $14 axb6 19. Qg4) 18... Rxd7 19. Nxe6 Re8 20. Bxb6 Rxe6 (20... axb6 $11 21. Nf4 Nxb2) 21. Bxa7 $14 Nxb2 ({Black should try} 21... b6 $1 $14) 22. Bd4 $16 Nc4 23. Rfe1 b5 24. Rad1 Kf7 25. Re2 g6 26. Rb1 {White is clearly better.} Rd5 27. Rbe1 Nd6 28. f3 {Accuracy: White = 57%, Black = 38%.} 1-0

[Event "10th IM Marmaris Karia 2019"]
[Site "Marmaris"]
[Date "2019.10.19"]
[Round "7.3"]
[White "Citak, Selim"]
[Black "Semiev, Suhrab"]
[Result "1/2-1/2"]
[WhiteElo "2210"]
[BlackElo "2290"]
[Annotator "TA"]
[PlyCount "28"]
[EventDate "2019.10.19"]
[EventType "schev"]
[EventCountry "TUR"]
[SourceTitle "playchess.com"]
[Source "ChessBase"]
[SourceQuality "1"]

{[%evp 27,28,0,18]} 1. e4 e5 2. Nf3 Nc6 3. Bb5 a6 4. Ba4 Nf6 5. O-O Be7 6. Re1 b5 7. Bb3 O-O 8. c3 d6 9. h3 Bb7 10. d4 Re8 11. Ng5 $146 ({Predecessor:} 11. a3 Bf8 12. Nbd2 Nb8 13. Ng5 Re7 14. Ndf3 Nbd7 15. Nxf7 Rxf7 16. Ng5 d5 17. exd5 Bd6 18. dxe5 Nxe5 19. Rxe5 Bxe5 20. d6 Qxd6 21. Qxd6 cxd6 22. Nxf7 {½-½ (59) Shankland,S (2705)-Ding,L (2811) chess.com INT 2019}) 11... Rf8 12. Nf3 Re8 13. Ng5 Rf8 14. Nf3 Re8 1/2-1/2

[Event "10th IM Marmaris Karia 2019"]
[Site "Marmaris"]
[Date "2019.10.19"]
[Round "7.4"]
[White "Gunduz, Umut Erdem"]
[Black "Darban, Morteza"]
[Result "1/2-1/2"]
[WhiteElo "2165"]
[BlackElo "2285"]
[Annotator "TA"]
[PlyCount "105"]
[EventDate "2019.10.19"]
[EventType "schev"]
[EventCountry "TUR"]
[SourceTitle "playchess.com"]
[Source "ChessBase"]
[SourceQuality "1"]

{[%evp 10,105,61,52,62,61,56,53,61,57,58,37,61,-26,-10,-48,-40,-45,-45,-45,-49,-56,22,18,49,38,46,0,49,23,108,71,95,80,121,113,125,118,220,209,229,90,91,87,100,83,101,59,68,-27,6,13,36,42,114,-48,-16,-55,0,0,0,0,0,0,287,248,220,39,42,-10,-10,-10,-10,-43,-30,-26,-19,-47,0,0,0,0,0,-15,-16,-22,-21,-21,-32,-24,0,-61,-15,-96,-37,-33,-37,-70]} 1. e4 g6 2. d4 d6 3. Nc3 c6 4. f4 d5 5. e5 h5 6. Be3 Nh6 {B06: Modern Defence} 7. Nf3 Bg4 8. h3 Nf5 {White is slightly better.} 9. Bf2 Bxf3 $1 10. Qxf3 h4 11. e6 (11. Bd3 $14) (11. Bd3 e6 12. O-O a5 13. Ne2 Na6 14. c3 {½-½ (33) Perunovic,M (2632)-Ehlvest,J (2547) Dubai 2015}) 11... fxe6 $11 12. O-O-O Bg7 $146 ({Predecessor:} 12... Nd7 13. Re1 Qc7 14. Rxe6 {0-1 (46) Tillyaev,U (2214)-Dzhumaev,M (2494) Tashkent 2012}) 13. Bd3 Qd6 14. Rhe1 Nd7 15. Ne2 b5 (15... O-O-O $15) 16. Kb1 a6 17. Nc1 {[%mdl 1024] White has compensation.} Kf7 18. Rd2 Bf6 19. Rde2 Ng7 (19... Nf8 $11 {remains equal.}) 20. Qg4 {Black must now prevent Rxe6.} Rh6 21. Nb3 $36 {[%mdl 2048] White is on the roll.} Rah8 22. c3 Qc7 23. Nd2 c5 (23... Nf8 $16 {is a better defense.} 24. Bg1 Kg8) 24. Nf3 $18 {Strongly threatening Ng5+.} c4 25. Bc2 (25. Ng5+ $1 $18 {is the precise move to win.} Kg8 26. Nxe6 Nxe6 27. Qxe6+ {[%mdl 64] Double Attack} Kg7 28. Bc2) 25... Nf8 $16 26. Ng5+ Kg8 27. Be3 Qb6 28. Kc1 b4 29. Kd2 (29. Bd2 $14) 29... Qa5 30. a3 bxc3+ (30... b3 $5 {[%cal Rb3c2]} 31. Bb1 Qb6 $11) 31. bxc3 Nf5 {[#]} (31... Qxa3 $14 32. Rb1 Qd6) 32. Nf3 $2 ({Only move:} 32. Nxe6 $1 $16 {[%mdl 512]} Ng3 (32... Nxe6 33. Bxf5) 33. f5 Nxe2 34. Rxe2 Nxe6 35. Bxh6 (35. fxe6 Kg7 $16) 35... Rxh6 36. Rxe6) 32... Qxa3 (32... R6h7 $5 {[%cal Rf5h6]} 33. Ne5 Nh6 $15) 33. Bf2 Qa2 (33... R6h7 $15 34. Ng5 Bxg5 35. Qxg5 Rg7) 34. Ng5 $11 Bxg5 35. fxg5 Rh5 36. Rb1 Kf7 $2 {[%mdl 8192]} (36... R8h7 $11 {and Black stays safe.}) 37. Ree1 $1 $18 Qa5 {[#]} 38. Qf4 $2 ({White has to play} 38. Be3 $1 $18) 38... Qd8 $14 39. Rb8 (39. Rb7 $14) 39... Qd6 $11 40. Qxd6 Nxd6 41. Be3 (41. Rf1 $5 {[%cal Rf2e3]}) 41... Nd7 42. Rf1+ Kg7 43. Rb2 $1 Rf8 44. Rxf8 Nxf8 45. Bf4 Nf7 46. Bd1 Rxg5 47. Bxg5 Nxg5 {[%mdl 4096] Endgame KRB-KNN} 48. Ra2 Nd7 49. Rxa6 Nf6 50. Ke3 (50. Kc2 $11) 50... Kf7 51. Bf3 {[#]} (51. Ra3 $11) 51... Nge4 ({Black should play} 51... Nfe4 $1 $17) 52. Ra3 $15 g5 53. Be2 {Accuracy: White = 39%, Black = 46%.} 1/2-1/2

[Event "10th IM Marmaris Karia 2019"]
[Site "Marmaris"]
[Date "2019.10.19"]
[Round "7.5"]
[White "Angun, Batu"]
[Black "Rasulov, Vugar"]
[Result "1/2-1/2"]
[WhiteElo "2165"]
[BlackElo "2506"]
[Annotator "TA"]
[PlyCount "41"]
[EventDate "2019.10.19"]
[EventType "schev"]
[EventCountry "TUR"]
[SourceTitle "playchess.com"]
[Source "ChessBase"]
[SourceQuality "1"]

{[%evp 18,41,20,-27,-17,-58,-4,-44,13,7,10,-16,-8,-40,-19,-45,0,-32,0,-37,1,-21,0,-48,0,-27]} 1. d4 Nf6 2. c4 e6 3. Nf3 d5 4. Nc3 Bb4 5. Bg5 O-O 6. e3 h6 7. Bxf6 Qxf6 8. Qb3 c5 9. cxd5 exd5 10. Be2 Nc6 {[%cal Rc5d4] D38: Queen's Gambit Declined: Ragozin Defence (4 Nf3 Bb4)} 11. O-O Be6 ({Black should play} 11... c4 $15 12. Qd1 Rd8) 12. a3 Bxc3 $146 (12... c4 $15 13. Qd1 Ba5) ({Predecessor:} 12... c4 13. Qd1 Ba5 14. Rc1 a6 15. b4 Bc7 16. Nd2 b5 17. f4 Rfd8 18. Nf3 {½-½ (47) Battaglini,G (2356)-Ehlvest,J (2603) New York 2008}) 13. Qxc3 $11 cxd4 14. exd4 Rac8 15. Rac1 Rfd8 16. h3 Ne7 17. Qb4 Nc6 (17... Ng6 $5 {[%cal Rg6f4]} 18. Kh1 (18. Qxb7 $2 Nf4 $19) 18... Nf4 $15) 18. Qc3 Ne7 19. Qb4 Nc6 20. Qc3 Ne7 21. Qb4 {Accuracy: White = 29%, Black =  5%.} 1/2-1/2

[Event "10th IM Marmaris Karia 2019"]
[Site "Marmaris"]
[Date "2019.10.19"]
[Round "8.1"]
[White "Guseynov, Alihan"]
[Black "Kiremitciyan, Ari"]
[Result "1/2-1/2"]
[WhiteElo "2335"]
[BlackElo "2286"]
[Annotator "TA"]
[PlyCount "59"]
[EventDate "2019.10.19"]
[EventType "schev"]
[EventCountry "TUR"]
[SourceTitle "playchess.com"]
[Source "ChessBase"]
[SourceQuality "1"]

{[%evp 28,59,0,0,0,0,0,0,0,0,0,0,0,0,0,0,0,0,0,0,0,0,0,0,0,0,26,0,0,0,30,0,0,0]} 1. d4 Nf6 2. c4 g6 3. Nc3 d5 4. Nf3 Bg7 5. Bf4 O-O 6. e3 c5 7. dxc5 Qa5 8. Rc1 dxc4 9. Bxc4 Qxc5 10. Bb3 Nc6 11. O-O Qa5 12. h3 Bf5 13. Qe2 Ne4 14. Nd5 e5 15. Rxc6 {[%mdl 64] [#] Remove Defender} bxc6 {D93: Grünfeld: 4 Nf3 Bg7 5 Bf4 0-0 6 e3} 16. Ne7+ {[%mdl 64] Double Attack} Kh8 17. Nxc6 {[%mdl 64] Double Attack} Qb6 18. Ncxe5 Be6 $1 19. Nd4 Bxb3 20. axb3 {[#] Hoping for Nd7.} Bxe5 21. Bxe5+ f6 22. Bf4 Rac8 {[#]} 23. h4 $146 ({Predecessor:} 23. Ra1) 23... Rfe8 24. Qg4 Qc5 25. Rd1 a5 26. Qe2 Rcd8 27. Qc4 (27. f3 $5 {[%cal Rf3e4]} g5 28. Bh2 $14 (28. fxe4 $2 gxf4 29. g3 Rg8 $19)) 27... Rc8 28. Qe2 Rcd8 29. Qc4 (29. f3 $5 {[%cal Rf3e4]} Nd6 30. Qa6 $11) 29... Rc8 30. Qe2 {Accuracy: White = 74%, Black = 89%.} 1/2-1/2